000 00601nam a2200241Ia 4500
003 OSt
005 20221007101158.0
006 a|||||r|||| 00| 0
007 ta
008 221006b |||||||| |||| 00| 0 eng d
024 _a5,983
037 _cTextual
040 _aLCO
_cLCO
_beng
041 _2eng
_aeng
082 _aZ0aY, L3
100 _aURSEKAR H S
_9444813
245 0 _aLaw and Social Welfare.
260 _aBombay
_bLalcani Pub.House
_c1973
300 _a276
650 _aSOCIAL WELFARE
942 _hZ0aY, L3
_cTEXL
999 _c1175546
_d1175546